00644nam a22001817a 4500003001100000005001700011008004100028020001500069040003900084041000800123082001600131100003200147245011700179260005300296300003200349650004800381650003300429LK-CoMWRAF20240103142211.0231203b2009 |||||||| |||| 00| 0 eng d a9551772466 aLK-CoMWRAFdLK-CoMWRAFeLK-CoMWRAF aeng a363.34bSIL aSilva, D. A. Premakumara De aThe "second tsunami" : bthe loss of peaceful coexistence among Tsunami-affected villagers in Southern Sri Lanka aColombo:bSocial Scientists' Association, c2009 a 19 p. : ill., maps ; 23 cm aDisaster relief- Social aspects- Sri Lanka  aNatural disasters- Sri Lanka